Estudio de la mentalidad burguesa
Guardat en:
| Autor principal: | |
|---|---|
| Format: | Llibre |
| Idioma: | espanyol |
| Publicat: |
Madrid
Alianza
1987
|
| Col·lecció: | El Libro de Bolsillo, 1287
|
| Matèries: | |
| Etiquetes: |
Afegir etiqueta
Sense etiquetes, Sigues el primer a etiquetar aquest registre!
|
MARC
| LEADER | 00000nam a2200000 a 4500 | ||
|---|---|---|---|
| 001 | UCW8466 | ||
| 003 | CL-VaPUC | ||
| 008 | 880912e19870000SP |||||||||||||||||spa|d | ||
| 082 | 0 | 4 | |a 305.55 |b ROM |2 21 |
| 100 | 0 | |a Romero, José Luis |e author |9 313637 | |
| 245 | 1 | 0 | |a Estudio de la mentalidad burguesa |
| 300 | |a 160 p | ||
| 942 | |c BK | ||
| 945 | |d 19880912 00:00:00 | ||
| 260 | |a Madrid |b Alianza |c 1987 | ||
| 650 | 7 | |a CLASE MEDIA |2 CL-VaPUC |9 255144 | |
| 650 | 0 | |a Historia social |9 313638 | |
| 650 | 0 | |a Clases sociales |9 256858 | |
| 583 | |a last modification |c 20180417 04:23:57 |k Rodrigo Vera | ||
| 490 | 0 | |a El Libro de Bolsillo, 1287 | |
| 999 | |c 220827 |d 220825 | ||
| 952 | |0 0 |1 0 |4 0 |6 305_550000000000000_ROM_1987 |7 0 |8 A |9 213538 |a BIBHIS |b BIBHIS |d 2019-11-15 |i 2818841 |o 305.55 ROM 1987 |p 2818841 |r 2025-01-20 |w 2019-11-15 |y BK |k HIS | ||